000 00610nam a2200241Ia 4500
003 OSt
005 20220918200543.0
006 a|||||r|||| 00| 0
007 ta
008 220917b |||||||| |||| 00| 0 eng d
024 _a89,307
037 _cTextual
040 _aARTS
_cARTS
_beng
041 _2eng
_aeng
082 _aU286, J1
100 _aHarang L
_994630
245 0 _aAurorae
260 _c1951
490 _aInternational astrophysics series, ed by M A Ellison and A C B Lovell; 1
650 _aGEOGRAPHY
942 _hU286, J1
_cTEXL
_2CC
999 _c212977
_d212977